| 000 | 01035nam a2200289 i 4500 | ||
|---|---|---|---|
| 001 | 000029165 | ||
| 003 | DO-SdBNP | ||
| 005 | 20240305073656.0 | ||
| 007 | ta | ||
| 008 | 110413s1999 dr 000 0 spa d | ||
| 040 |
_aDO-SdBNP _bspa _cBNPHU _erda |
||
| 082 |
_axxx _bV422s _222 |
||
| 100 | 1 |
_aVega, Bernardo, _d1938 - _93222 |
|
| 245 | 1 | 0 |
_aLa segunda guerra fría : _bla ley y el orden en las relaciones de los Estados Unidos con El Caribe / _cVega, Bernardo ; presentación Rubén Silié. |
| 264 |
_aSanto Domingo : _bFLASCO, _bSecretaría de Estado de Relaciones Exteriores, _c1999. |
||
| 300 |
_a24 páginas _c21 cm. |
||
| 336 |
_2rdacontent _atexto _btxt |
||
| 337 |
_2rdamedia _asin mediación _bn |
||
| 338 |
_2rdacarrier _avolumen _bnc |
||
| 490 | 1 | _aConferencias ; | |
| 500 | _aIncluye notas al pie de las páginas | ||
| 500 | _aIncluye datos biografícos en la contraportada. | ||
| 590 | _aInventariado, 2023/ YL | ||
| 700 | 1 |
_aSilié, Rubén, _d1946- _ePresentación _91421 |
|
| 910 | _aYLockward | ||
| 942 |
_2ddc _cLF2 |
||
| 999 |
_c28657 _d28657 |
||